The chemistry and analysis of drugs and medicines

Saved in:
Bibliografiske detaljer
Hovedforfatter: Fuller, Henry C (Author)
Format: Bog
Sprog:engelsk
Udgivet: Nueva York John Wiley 1920
Fag:
Tags: Tilføj Tag
Ingen Tags, Vær først til at tagge denne postø!

MARC

LEADER 00000nam a2200000 a 4500
001 UCT3199
003 CL-VaPUC
008 961018e19200000US |||||||||||||||||eng|d
082 0 4 |a 615.1  |b FUL  |2 21 
100 0 |a Fuller, Henry C  |e author  |9 372134 
245 1 4 |a The chemistry and analysis of drugs and medicines 
300 |a 1072 p 
942 |c BK 
945 |d 19961018 00:00:00  |a paguirre 
260 |a Nueva York  |b John Wiley  |c 1920 
650 0 |a Farmacología   |9 269634 
650 0 |a Química  |9 259896 
650 0 |a Alcaloides  |9 372135 
650 7 |a PRODUCTOS FARMACEUTICOS  |2 CL-VaPUC  |9 334377 
650 7 |a PRODUCTOS QUIMICOS ORGANICOS  |2 CL-VaPUC  |9 344420 
650 0 |a Medicina   |9 258507 
583 |a last modification  |c 19961018 00:00:00  |k Rodrigo Vera 
999 |c 252947  |d 252945 
952 |0 0  |1 0  |2 ddc  |4 0  |6 615_100000000000000_FUL_1920  |7 0  |8 F  |9 273137  |a BIBCUR  |b BIBCUR  |d 2019-11-19  |i 1769383  |l 1  |o 615.1 FUL 1920  |p 1769383  |r 2025-04-22  |s 2023-06-20  |w 2019-11-19  |y BK_F  |k BCB